000 00338nam a2200109 4500
999 _c14068
_d14068
008 190731b ||||| |||| 00| 0 eng d
245 _aFilipino women entrepreneurs make powerful strides in franchising.
260 _aPhilippines:
_bThe Philippine Star;
_cc2019.
300 _apage E4.
650 0 _939074
_aEntrepreneurs.
942 _2ddc
_cPER